<?xml version="1.0" encoding="UTF-8"?>
<record
    xmlns:xsi="http://www.w3.org/2001/XMLSchema-instance"
    xsi:schemaLocation="http://www.loc.gov/MARC21/slim http://www.loc.gov/standards/marcxml/schema/MARC21slim.xsd"
    xmlns="http://www.loc.gov/MARC21/slim">

  <leader>03112cam a2200349 i 4500</leader>
  <controlfield tag="005">20260622161555.0</controlfield>
  <datafield tag="020" ind1=" " ind2=" ">
    <subfield code="a">9780190932596</subfield>
  </datafield>
  <datafield tag="020" ind1=" " ind2=" ">
    <subfield code="a">0190932597</subfield>
  </datafield>
  <datafield tag="082" ind1="0" ind2="4">
    <subfield code="a">303.483 3 YAT/O</subfield>
    <subfield code="2">23</subfield>
  </datafield>
  <datafield tag="245" ind1="0" ind2="4">
    <subfield code="a">The Oxford handbook of digital technology and society /</subfield>
    <subfield code="c">edited by Simeon J. Yates and Ronald E. Rice.</subfield>
  </datafield>
  <datafield tag="246" ind1="3" ind2="0">
    <subfield code="a">Digital technology and society</subfield>
  </datafield>
  <datafield tag="260" ind1=" " ind2=" ">
    <subfield code="a">. -New York</subfield>
    <subfield code="b">: Oxford University Press</subfield>
    <subfield code="c">, 2020</subfield>
  </datafield>
  <datafield tag="300" ind1=" " ind2=" ">
    <subfield code="a">xli, 756 pages :</subfield>
    <subfield code="b">illustrations ;</subfield>
  </datafield>
  <datafield tag="490" ind1="1" ind2=" ">
    <subfield code="a">[Oxford handbooks]</subfield>
  </datafield>
  <datafield tag="504" ind1=" " ind2=" ">
    <subfield code="a">Includes bibliographical references and index.</subfield>
  </datafield>
  <datafield tag="520" ind1=" " ind2=" ">
    <subfield code="a">Required reading for anyone interested in the profound relationship between digital technology and society. Digital technology has become an undeniable facet of our social lives, defining our governments, communities, and personal identities. Yet with these technologies in ongoing evolution, it is difficult to gauge the full extent of their societal impact, leaving researchers and policy makers with the challenge of staying up-to-date on a field that is constantly in flux. The Oxford Handbook of Digital Technology and Society provides students, researchers, and practitioners across the technology and social science sectors with a comprehensive overview of the foundations for understanding the various relationships between digital technology and society. Combining robust computer-aided reviews of current literature from the UK Economic and Social Research Council's commissioned project "Ways of Being in a Digital Age" with newly commissioned chapters, this handbook illustrates the upcoming research questions and challenges facing the social sciences as they address the societal impacts of digital media and technologies across seven broad categories: citizenship and politics, communities and identities, communication and relationships, health and well-being, economy and sustainability, data and representation, and governance and security. Individual chapters feature important practical and ethical explorations into topics such as technology and the aging, digital literacies, work-home boundary, machines in the workforce, digital censorship and surveillance, big data governance and regulation, and technology in the public sector. The Oxford Handbook of Digital Technology and Society will equip readers with the necessary starting points and provocations in the field so that scholars and policy makers can effectively assess future research, practice, and policy. -- Provided by publisher</subfield>
  </datafield>
  <datafield tag="650" ind1=" " ind2="0">
    <subfield code="a">Information technology</subfield>
  </datafield>
  <datafield tag="650" ind1=" " ind2="0">
    <subfield code="a">Digital communications</subfield>
    <subfield code="9">16765</subfield>
  </datafield>
  <datafield tag="650" ind1=" " ind2="0">
    <subfield code="a">Digital media</subfield>
    <subfield code="9">14133</subfield>
  </datafield>
  <datafield tag="650" ind1=" " ind2="0">
    <subfield code="a">Information society.</subfield>
    <subfield code="9">14902</subfield>
  </datafield>
  <datafield tag="650" ind1=" " ind2="6">
    <subfield code="a">Technologie de l'information</subfield>
    <subfield code="9">16766</subfield>
  </datafield>
  <datafield tag="650" ind1=" " ind2="6">
    <subfield code="a">Transmission num&#xE9;rique</subfield>
    <subfield code="9">16767</subfield>
  </datafield>
  <datafield tag="650" ind1=" " ind2="6">
    <subfield code="a">M&#xE9;dias num&#xE9;riques</subfield>
    <subfield code="9">16768</subfield>
  </datafield>
  <datafield tag="650" ind1=" " ind2="6">
    <subfield code="a">Soci&#xE9;t&#xE9; informatis&#xE9;e.</subfield>
    <subfield code="9">16769</subfield>
  </datafield>
  <datafield tag="650" ind1=" " ind2="7">
    <subfield code="a">Digital communications</subfield>
    <subfield code="9">16765</subfield>
  </datafield>
  <datafield tag="650" ind1=" " ind2="7">
    <subfield code="a">Digital media</subfield>
    <subfield code="9">14133</subfield>
  </datafield>
  <datafield tag="650" ind1=" " ind2="7">
    <subfield code="a">Information society.</subfield>
    <subfield code="9">14902</subfield>
  </datafield>
  <datafield tag="650" ind1=" " ind2="7">
    <subfield code="a">Information technology</subfield>
  </datafield>
  <datafield tag="700" ind1="1" ind2=" ">
    <subfield code="a">Yates, Simeon,</subfield>
    <subfield code="9">16770</subfield>
  </datafield>
  <datafield tag="700" ind1="1" ind2=" ">
    <subfield code="a">Rice, Ronald E.,</subfield>
    <subfield code="9">16771</subfield>
  </datafield>
  <datafield tag="942" ind1=" " ind2=" ">
    <subfield code="2">ddc</subfield>
    <subfield code="c">REF</subfield>
  </datafield>
  <datafield tag="999" ind1=" " ind2=" ">
    <subfield code="c">760927</subfield>
    <subfield code="d">760927</subfield>
  </datafield>
  <datafield tag="952" ind1=" " ind2=" ">
    <subfield code="0">0</subfield>
    <subfield code="1">0</subfield>
    <subfield code="2">ddc</subfield>
    <subfield code="4">0</subfield>
    <subfield code="7">0</subfield>
    <subfield code="a">POL</subfield>
    <subfield code="b">POL</subfield>
    <subfield code="c">REF</subfield>
    <subfield code="d">2026-01-16</subfield>
    <subfield code="l">0</subfield>
    <subfield code="o">R 303.483 3 YAT/O</subfield>
    <subfield code="p">POL23874</subfield>
    <subfield code="r">2026-06-22 16:17:04</subfield>
    <subfield code="w">2026-06-22</subfield>
    <subfield code="y">REF</subfield>
  </datafield>
</record>
